|
|
|
|
| LEADER |
00796nam a22002417a 4500 |
| 001 |
15589 |
| 003 |
BD-DhAAL |
| 005 |
20170702112609.0 |
| 008 |
170702s2006 bg ||||| |||| 00| 0 ii d |
| 999 |
|
|
|c 38172
|d 38172
|
| 040 |
|
|
|a BD-DhAAL
|c BD-DhAAL
|
| 082 |
|
|
|2 23
|a 070.41
|
| 100 |
|
|
|a Ahuja, B.N
|9 21702
|
| 245 |
|
|
|a Principles and techniques of journalism /
|c B. N. Ahuja and S. S. Chhabra
|
| 260 |
|
|
|a Delhi :
|b Surjeet Publications,
|c 2006
|
| 300 |
|
|
|a 392 pages :
|c 22 cm.
|
| 526 |
|
|
|a ESS
|
| 541 |
|
|
|e 15589
|
| 650 |
|
|
|a Journalism
|9 21703
|
| 700 |
|
|
|a Chhabra, S. S.
|9 21704
|
| 852 |
|
|
|a Ayesha Abed Library
|b General Stacks
|
| 942 |
|
|
|2 ddc
|c BK
|
| 952 |
|
|
|0 0
|1 0
|2 ddc
|4 0
|6 070_410000000000000_AHU
|7 0
|9 60852
|a BRACUL
|b BRACUL
|c GEN
|d 2017-07-02
|l 0
|o 070.41 AHU
|p 3010015589
|r 2017-07-02
|t 1
|w 2017-07-02
|y BK
|